Fondové financování jako faktor diverzifikace veřejných financí

Saved in:
Bibliographic Details
Main Author Šelešovský, Jan, 1947- (Author)
Corporate Author Masarykova univerzita v Brně. Ekonomicko-správní fakulta. Katedra veřejné ekonomie
Format Book
LanguageCzech
Published Brno : Masarykova univerzita, 2003
Edition1. vyd.
Subjects
ISBN8021030658
Physical Description120 s.

Cover

LEADER 00000cam a22000007a 4500
001 22858
003 CZ-ZlUTB
005 20190825234406.0
008 041026s2003 xr |||||r|||||||||||cze|d
020 |a 8021030658  |q (brož.) 
040 |a Votapkova,Eva  |b cze  |c Votapkova,Eva  |d ZLD002 
072 7 |a 336.1/.5  |x Veřejné finance  |2 Konspekt  |9 4 
080 |a (048.8)  |2 v 
080 |a (437.3)  |2 v 
080 |a 336.02  |2 v 
080 |a 336.1/.5  |2 v 
080 |a 35  |2 v 
100 1 |a Šelešovský, Jan,  |d 1947-  |7 jn20010309844  |4 aut 
245 1 0 |a Fondové financování jako faktor diverzifikace veřejných financí /  |c Jan Šelešovský a kol. ; Masarykova univerzita v Brně. Ekonomicko-správní fakulta. katedra veřejné ekonomie 
250 |a 1. vyd. 
260 |a Brno :  |b Masarykova univerzita,  |c 2003 
300 |a 120 s. 
500 |a Seznam příloha na s. 97 
504 |a Literatura na s. 94-96 
650 0 4 |a důchodový systém 
650 0 4 |a fondy 
650 0 4 |a rozpočet 
650 0 4 |a Veřejné finance 
650 0 7 |a zdravotní pojištění  |7 ph116746  |2 czenas 
651 7 |a Česko  |7 ge128065  |2 czenas 
651 7 |a Česko  |7 ge128065  |2 czenas 
655 7 |a vysokoškolská skripta  |7 fd190824  |2 czenas 
710 2 |a Masarykova univerzita v Brně.  |b Ekonomicko-správní fakulta.  |b Katedra veřejné ekonomie 
910 |a ZLD002 
952 |0 0  |1 0  |4 0  |6 S35ŠELEŠOVSKÝJ  |7 0  |8 BOOK  |9 41486  |a UTBZL  |b UTBZL  |c 030  |d 2006-07-29  |l 7  |o S35/ŠELEŠOVSKÝ,J.  |p 420010093206  |r 2019-08-25 00:00:00  |v 50.00  |w 2019-08-25  |x N:nákup | 20100831  |y 05 
952 |0 0  |1 0  |4 0  |6 S35ŠELEŠOVSKÝJ  |7 0  |8 BOOK  |9 41487  |a UTBZL  |b UTBZL  |c 030  |d 2006-07-29  |l 4  |o S35/ŠELEŠOVSKÝ,J.  |p 420010093207  |r 2019-08-25 00:00:00  |v 50.00  |w 2019-08-25  |x N:nákup | 20100831  |y 05 
952 |0 0  |1 0  |4 0  |6 S35ŠELEŠOVSKÝJ  |7 0  |8 BOOK  |9 41488  |a UTBZL  |b UTBZL  |c 030  |d 2006-07-29  |l 4  |o S35/ŠELEŠOVSKÝ,J.  |p 420010093208  |r 2019-08-25 00:00:00  |v 50.00  |w 2019-08-25  |x N:nákup | 20100831  |y 05 
992 |a BK  |b SK  |d 15 
999 |c 22858  |d 22858